Les 10 Pays Européens les Moins Peuplés en 45 SECONDES - Statistiques

Statistiques générales
  • Ce quiz a été pris 257 fois
  • Le résultat moyen est 7 sur 10
Statistiques - réponses
Population Pays % Correct
836 Vatican
93%
76 246 Andorre
91%
30 510 Monaco
91%
32 789 Saint-Marin
87%
37 369 Liechtenstein
83%
562 958 Luxembourg
81%
429 344 Malte
67%
329 100 Islande
48%
622 099 Monténégro
41%
1 313 271 Estonie
37%
Aucun quiz correspondant
Distribution des résultats
% des personnes avec chaque résultat
Percentile par nombre de réponses
Votre historique - résultats
Vous n’avez pas pris ce quiz